000 00304nam a22001337a 4500
003 SGT
082 _a617.7
_bM08G
100 _aGARG, ASHOK
245 _aMASTERING THE TECHNIQUES OF LASER APPLICATION
260 _aINDIA
_bJAYPEE
_c2008
300 _a872
650 _aOPHTHALMOLOGY
942 _2ddc
_cBK
999 _c14537
_d14537